[Event "40th IND-chT Open 2020"]
[Site "Ahmedabad"]
[Date "2020.02.13"]
[Round "9.1"]
[White "Adhiban, B.."]
[Black "Sidhant, Mohapatra"]
[Result "1-0"]
[WhiteElo "2654"]
[BlackElo "2367"]
[Annotator "TA"]
[PlyCount "59"]
[EventDate "2020.02.05"]
[EventCountry "IND"]
[SourceTitle "playchess.com"]
[Source "ChessBase"]
[SourceQuality "1"]

{[%evp 9,59,20,20,7,18,11,11,11,9,20,16,8,16,7,14,20,64,64,60,53,50,50,52,59,59,50,50,51,65,50,50,50,46,50,50,50,52,52,63,50,94,56,170,141,338,339,318,316,445,444,373,370]} 1. c4 e6 2. Nc3 d5 3. d4 Nf6 4. Nf3 Be7 5. Bf4 O-O 6. a3 {D37: Queen's Gambit Declined: 5 Bf4.} dxc4 7. e3 {NOTEXT-110253} Nd5 8. Bxc4 {The position is equal.} Nxf4 9. exf4 c5 10. d5 exd5 {[#]} 11. Qxd5 $146 ({Predecessor:} 11. Bxd5 Nc6 12. O-O Bg4 13. h3 Bxf3 14. Qxf3 Nd4 15. Qe4 Bf6 16. Rfe1 Re8 17. Qd3 {½-½ (40) Adhiban,B (2668)-Melkumyan,H (2660) Batumi 2018}) 11... Nc6 12. O-O-O Qxd5 13. Bxd5 Bg4 14. h3 Bxf3 15. Bxf3 Rfd8 16. Bxc6 bxc6 17. Rxd8+ Rxd8 $14 {[%mdl 4096] Endgame KRB-KRN} 18. Rd1 Rd4 19. Rxd4 (19. f5 {is interesting.} g6 20. fxg6 hxg6 21. Kc2 Kf8 22. f3) 19... cxd4 {KB-KN} 20. Ne2 c5 21. Kc2 f5 22. Kd3 Kf7 23. Kc4 Bd6 24. g3 Kf6 25. Nc1 g5 (25... Ke6 $14) 26. Kd5 $18 Be7 $2 (26... Bf8 $16 {was called for.}) 27. fxg5+ Kxg5 {[#]} 28. Ke6 $1 Bd8 {[#]} (28... Bf8 $142) 29. f4+ $1 Kg6 {...c4 is the strong threat.} 30. Nd3 {Accuracy: White = 95%, Black = 57%.} 1-0

[Event "40th IND-chT Open 2020"]
[Site "Ahmedabad"]
[Date "2020.02.13"]
[Round "9.2"]
[White "Sahoo, Utkal Ranjan"]
[Black "Karthikeyan, Murali"]
[Result "0-1"]
[WhiteElo "2336"]
[BlackElo "2602"]
[Annotator "TA"]
[PlyCount "120"]
[EventDate "2020.02.05"]
[EventCountry "IND"]
[SourceTitle "playchess.com"]
[Source "ChessBase"]
[SourceQuality "1"]

{[%evp 14,120,20,17,35,29,34,32,29,27,28,23,32,15,11,0,0,-11,41,-18,-14,-56,-49,-66,-41,-52,-61,-60,-47,-89,-51,-97,-97,-92,-92,-95,-81,-82,-66,-81,-43,-42,-27,-27,-34,-27,-29,-64,-27,-41,-50,-50,0,0,0,0,0,0,0,0,39,0,12,-42,-44,-278,-290,-231,-52,-54,-54,-37,-33,-33,-30,-33,-33,-33,-33,-33,-33,-37,-33,-33,-33,-4586,-4590,-1352,-1163,-29972,-29974,-29974,-29975,-29974,-29974,-29975,-29977,-29977,-29978,-29979,-29980,-29980,-29981,-29981,-29977,-29980,-29981,-29981,-29982]} 1. d4 Nf6 2. Nf3 g6 3. Bg5 Bg7 4. Nbd2 d5 5. e3 O-O 6. Bd3 c5 7. c3 cxd4 8. exd4 h6 $5 {[%mdl 4] [#] A promising side line. D03: 1 d4 d5 2 Nf3 Nf6 3 Bg5, including Torre Attack with early ...d5.} 9. Bf4 $146 ({Predecessor:} 9. Bh4 Qb6 10. Qb3 Qe6+ 11. Kf1 Nc6 12. Re1 Qd7 13. Bg3 Qd8 14. Ne5 Bf5 15. Bxf5 gxf5 16. Nxc6 bxc6 {½-½ (31) Kokeny,N (1916)-Nagy,A (2145) Budapest 2014}) 9... Qb6 10. Rb1 Qe6+ {White is slightly better.} 11. Qe2 Qxe2+ 12. Kxe2 g5 13. Bg3 Nh5 14. Rbe1 Nc6 15. Kd1 a6 (15... Nxg3 $11 16. hxg3 f6) 16. Kc2 (16. Bc7 $14) 16... f6 17. Bc7 Bd7 $1 18. Bg6 Rac8 (18... Rfc8 {seems wilder.} 19. Bxh5 Rxc7 20. Kb1 b5 21. g4 e5) 19. Bxh5 Rxc7 20. Kb1 e5 21. Nb3 b6 22. h3 a5 23. a3 Bf5+ 24. Ka1 Bc2 25. Nbd2 Bh7 26. h4 e4 27. Ng1 f5 28. Bd1 b5 29. hxg5 hxg5 30. Bb3 Rd8 31. f4 a4 (31... gxf4 32. Ne2 $14) 32. Ba2 Nxd4 (32... gxf4 $6 33. Ne2 $14) 33. cxd4 {Strongly threatening Ne2.} Rc2 ({Weaker is} 33... gxf4 34. Ne2 $18) 34. Ngf3 exf3 35. Nxf3 gxf4 36. Ne5 Rd6 ({But not} 36... Rxg2 $6 37. Nc6 $16) 37. Rh2 Rd2 38. Reh1 (38. Nf3 $11 Rd3 39. Rc1) 38... Bg6 $15 39. Bxd5+ $2 ({White should play} 39. Nf3 $15 Rf2 40. Rc1) 39... Rxd5 $19 40. Nxg6 {Hoping for Ne7+.} Kf7 $2 ({Not} 40... R5xd4 41. Ne7+ Kf8 42. Nxf5 $15) ({Black should try} 40... Bf6 $19 41. Ne5 R2xd4) 41. Nxf4 $15 R5xd4 42. g3 b4 43. axb4 a3 44. Ka2 axb2 45. Rxd2 Rxd2 {[%mdl 4096] Endgame KRB-KRN} 46. b5 Rd8 {aiming for ...Ra8+.} 47. Rb1 Ra8+ 48. Kb3 Ra5 49. Nd5 $2 {[%mdl 8192]} (49. Kc2 $15) 49... Rxb5+ $19 {[%mdl 64] [#] Double Attack} 50. Kc4 Ra5 51. Nc3 Ra3 {Black mates.} 52. Nd1 {[#]} Ra1 $1 53. Rxb2 Bxb2 54. Nxb2 {KR-KN} Rg1 55. Kd4 Kf6 56. Ke3 Rxg3+ 57. Kf4 Rg4+ 58. Ke3 Rb4 59. Nd1 Kg5 60. Kf3 Rb1 {Accuracy: White = 68%, Black = 79%.} 0-1

[Event "40th IND-chT Open 2020"]
[Site "Ahmedabad"]
[Date "2020.02.13"]
[Round "9.3"]
[White "Lalith Babu M R"]
[Black "Nayak Rajesh"]
[Result "1/2-1/2"]
[WhiteElo "2550"]
[BlackElo "2169"]
[Annotator "TA"]
[PlyCount "140"]
[EventDate "2020.02.05"]
[EventCountry "IND"]
[SourceTitle "playchess.com"]
[Source "ChessBase"]
[SourceQuality "1"]

{[%evp 15,140,22,41,-14,-14,-14,-8,-10,-10,-12,9,10,20,16,19,9,4,0,40,43,48,61,77,83,83,81,81,72,84,88,84,77,94,80,84,57,101,91,70,62,54,52,42,42,60,13,13,25,21,0,12,0,0,0,0,0,0,0,0,0,2,0,10,10,10,14,29,29,29,22,22,0,0,0,0,0,0,0,0,0,0,0,0,0,0,0,0,0,0,0,0,0,22,22,22,22,22,22,22,22,22,22,22,22,22,22,22,22,22,22,22,22,22,8,9,0,0,0,0,0,0,0,0,0,0,0,0]} 1. Nf3 Nf6 2. c4 g6 3. Nc3 Bg7 4. e4 d6 5. d4 Bg4 6. Be2 O-O 7. Be3 Nfd7 8. Rc1 a6 9. c5 {E91: King's Indian: Classical: 6 Be2, unusual replies including 6...c5 and 6...Bg4.} ({White should play} 9. d5 $14) 9... dxc5 $11 10. dxc5 Nc6 11. O-O Bxf3 12. Bxf3 e5 13. Nd5 {[#]} Rb8 $146 ({Predecessor:} 13... Re8 14. g3 Nd4 15. Bxd4 exd4 16. c6 bxc6 17. Rxc6 Ra7 18. Bg2 Ne5 19. Rc1 c6 {½-½ (41) Cvitan,O (2499)-Maki,V (2373) Skopje 2015}) 14. g3 Nd4 15. Bg2 c6 16. Nb4 Qa5 17. Nd3 Qxa2 18. Bh3 {Strongly threatening Bxd4.} Rbd8 {[#]} 19. Bxd4 $1 exd4 20. Ra1 $36 {[%mdl 2048] Black is under strong pressure.} Qc4 {[#]} 21. Ra4 $1 {[%cal Ra4c4]} Qb5 22. Bxd7 Rxd7 23. Qc2 a5 24. Rfa1 b6 25. b4 Ra7 26. cxb6 Qxb6 27. bxa5 Qc7 28. a6 Rfa8 29. Qc4 Qc8 30. e5 Bf8 $1 31. Ra5 c5 32. Nf4 {[%cal Bd3f4,Bf4d5,Bd5f6][%mdl 32]} ({Don't play} 32. Nxc5 Rc7 $17) 32... g5 33. Nd5 Qe6 34. Nf6+ Kg7 35. Qe2 Be7 36. Qe4 Bxf6 37. exf6+ Qxf6 {[%cal Ra7a6]} 38. Rxc5 Rxa6 39. Rxa6 Rxa6 {[%mdl 4096] Endgame KQR-KQR} 40. Rf5 Qd8 41. Qb7 Ra1+ 42. Kg2 Qa8 $1 {[%cal Ra8b7] The position is equal.} 43. Rxf7+ Kg6 $1 44. Rg7+ Kf5 45. g4+ Kf6 46. Qxa8 (46. Rf7+ {looks sharper.} Ke6 47. Re7+ Kf6 48. Rxh7 Qxb7+ 49. Rxb7 Ke6 50. Rb8) 46... Rxa8 47. Rxh7 {KR-KR} Rd8 {...d3 is the strong threat.} 48. Kf1 d3 {( -> ...d2)} 49. Ke1 d2+ 50. Kd1 Rd4 51. f3 Rd3 52. Rh3 Kg6 53. Rg3 Ra3 54. Kxd2 Ra2+ 55. Ke3 {Threatens to win with Rh3.} Rxh2 56. Rg1 Ra2 57. Rd1 Ra4 58. Rd6+ Kg7 59. Rd4 Ra6 60. Rc4 Kf6 61. Rc3 Rb6 62. Kd4 Ra6 63. Kd5 Ra5+ 64. Kd6 Ra6+ 65. Rc6 Rxc6+ 66. Kxc6 Ke6 $1 67. Kc7 $1 {[%cal Rc7c6] White threatens Kc6 and mate.} Ke7 $1 68. Kc8 Ke8 69. Kc7 {White wants to mate with Kd6.} Ke7 70. Kc8 {And now Kc7 would win.} Ke8 {Accuracy: White = 94%, Black = 96%.} 1/2-1/2

[Event "40th IND-chT Open 2020"]
[Site "Ahmedabad"]
[Date "2020.02.13"]
[Round "9.4"]
[White "Baivab Mishra"]
[Black "Sengupta, Deep"]
[Result "1/2-1/2"]
[WhiteElo "2206"]
[BlackElo "2534"]
[Annotator "TA"]
[PlyCount "154"]
[EventDate "2020.02.05"]
[EventCountry "IND"]
[SourceTitle "playchess.com"]
[Source "ChessBase"]
[SourceQuality "1"]

{[%evp 9,153,0,0,0,0,0,0,0,2,0,41,0,4,4,16,14,8,0,24,14,11,0,28,0,6,5,0,0,20,20,33,31,29,14,17,15,30,30,45,37,36,22,70,0,0,0,13,-3,-3,-10,-3,-3,0,0,0,-33,-33,-41,0,0,0,0,0,0,-8,-8,0,0,0,0,0,0,0,0,0,0,0,0,0,0,0,0,0,0,0,0,0,0,0,0,0,0,29985,0,0,0,0,-8,-7,-9,-12,-40,-12,-101,0,0,0,0,0,0,0,-35,0,0,0,-35,0,0,0,0,0,0,0,-76,0,0,0,0,0,-71,-76,-70,-70,-80,-84,-86,0,0,0,0,0,0,0,0,0,0]} 1. d4 Nf6 2. c4 e6 3. Nc3 Bb4 4. e3 O-O 5. Bd2 b6 6. Rc1 {E46: Nimzo-Indian: Rubinstein: 4 e3 0-0 5 Ne2 without early Bd3.} Bb7 7. Nf3 c5 8. a3 Bxc3 9. Bxc3 cxd4 10. Bxd4 {[#]} Nc6 $146 ({Predecessor:} 10... Ne4 11. Bd3 Nc5 12. Bb1 d6 13. b4 Ncd7 14. Qc2 f5 15. Ba2 Kh8 16. Qe2 Nc6 {½-½ (40) Jepsen,J-Von Essen,E Grenaa 1973}) 11. Bc3 Ne4 12. Be2 Qe7 13. O-O Nxc3 14. Rxc3 Rfd8 15. Qc2 Rac8 16. Rd1 h6 17. Rd2 d6 18. Qd1 e5 19. Ne1 e4 20. Nc2 Ne5 21. Nb4 Qg5 22. Nd5 Bxd5 23. Rxd5 Qg6 24. b4 f5 25. c5 {Hoping for Ba6.} Kh7 26. Rc2 ({Better is} 26. Ba6 $14 Rc6 27. Bb5 (27. Rxe5 Qf6 $15 {[%mdl 64] Pin})) 26... bxc5 27. bxc5 Qe6 28. Bc4 (28. Rd4 {is more complex.} Qf6 29. cxd6 Rxc2 30. Qxc2 Rxd6 31. Rxd6 Qxd6 32. Qc8) 28... Nxc4 29. Rxc4 dxc5 30. Rxd8 Rxd8 31. Qxd8 Qxc4 $11 {[%mdl 4096] Endgame KQ-KQ} 32. h4 Qc1+ 33. Kh2 Qe1 34. Kg3 Qe2 35. Qd5 Qg4+ 36. Kh2 Qxh4+ 37. Kg1 Qf6 (37... Qg4 {keeps more tension.} 38. g3 Qg5 39. a4 h5 40. Qxc5 h4) 38. Qxc5 a6 39. Kh2 Qe6 40. a4 Kg6 41. a5 Kh5 42. Qb6 Qc4 43. Qd8 Qe2 44. Qe8+ g6 45. Kg3 f4+ 46. exf4 {Threatening mate with Qe5+.} Qg4+ 47. Kh2 Qxf4+ 48. Kg1 Qf5 49. Qc6 Qxa5 {aiming for ...Qe1+.} 50. Qxe4 {g3 is the strong threat.} Qb5 $2 {[%mdl 8192] [#]} (50... Qa1+ $11 51. Kh2 Kg5) 51. f4 $2 (51. g3 $1 {mates} Qg5 52. Kg2 Qg4 53. Qe7 Qg5 54. Qe2+ Qg4 55. f3 Qf5 56. Qe7) 51... g5 (51... Qf5 {is interesting.} 52. Qe2+ Qg4 53. Qe5+ Kh4 54. Qe7+ Kg3) 52. f5 {Threatens to win with g4+.} g4 (52... Qb6+ {feels hotter.} 53. Kh2 Qf2 54. Qe8+ Kh4 55. Qe4+ Kh5) 53. Qf4 Qb6+ 54. Kf1 Qf6 55. Ke2 a5 {Black wants to play ...Qb2+.} 56. Kd3 {[#]} (56. Kf2 $11 {remains equal.}) 56... a4 $1 {[%mdl 512]} 57. Qxa4 Qxf5+ 58. Ke2 $1 Kh4 59. Qa3 Qf4 60. Qc3 g3 61. Qf3 Qd4 (61... Qg4 {looks sharper.} 62. Ke3 Qe6+ 63. Kd3 Qd7+ 64. Ke2 Qe7+) 62. Ke1 h5 63. Ke2 Qe5+ (63... Qg4 {seems wilder.} 64. Ke3 Qe6+ 65. Kf4 Qd6+ 66. Kf5 Qd7+) 64. Kf1 $1 Kg5 {Strongly threatening ...Qf4.} 65. Qd1 h4 66. Qd2+ (66. Kg1 $11) 66... Kg6 (66... Qf4+ $17 67. Qxf4+ Kxf4) 67. Qd3+ Kh5 68. Qf3+ Kg5 {And now ...Qf4 would win.} 69. Qe3+ (69. Qb3 $11) 69... Qf4+ $17 70. Qxf4+ Kxf4 {KPP-KP} 71. Kg1 Kg4 72. Kh1 h3 (72... Kf5 $17) 73. Kg1 $11 {The position is equal.} hxg2 74. Kxg2 Kf4 (74... Kh4 $5) 75. Kg1 Kf3 (75... Ke3 $5) 76. Kf1 g2+ 77. Kg1 Kg3 {Accuracy: White = 82%, Black = 81%.} 1/2-1/2

[Event "40th IND-chT Open 2020"]
[Site "Ahmedabad"]
[Date "2020.02.13"]
[Round "9.5"]
[White "Raja Harshit"]
[Black "Anadkat Kartavya"]
[Result "1-0"]
[WhiteElo "2472"]
[BlackElo "2152"]
[Annotator "TA"]
[PlyCount "94"]
[EventDate "2020.02.05"]
[EventCountry "IND"]
[SourceTitle "playchess.com"]
[Source "ChessBase"]
[SourceQuality "1"]

{[%evp 9,94,36,85,72,106,41,85,86,79,71,108,89,87,25,29,18,64,70,55,37,112,117,133,127,123,89,81,84,89,56,51,7,10,14,14,14,45,40,46,41,39,19,43,0,0,8,10,0,0,0,0,6,14,14,27,14,12,12,18,18,25,23,61,64,87,87,111,117,277,183,188,193,162,175,454,442,2602,1058,6203,5718,6279,6191,29991,29990,29993,5233,29990]} 1. e4 e5 2. Nf3 Nc6 3. Bb5 f5 4. d3 Nf6 5. O-O Bc5 6. exf5 {C63: Ruy Lopez: Schliemann/Jaenisch Defence.} O-O 7. Be3 (7. Nbd2 $16) 7... Nd4 8. c3 {White is better.} Nxf3+ 9. Qxf3 Be7 10. Nd2 {[#]} d5 $146 ({Predecessor:} 10... c6 11. Ba4 d5 12. Rfe1 Bd6 13. Bc2 Qd7 14. d4 e4 15. Qh3 Qxf5 16. Qxf5 Bxf5 {½-½ (39) Jakic,I (2378)-Debevec,B (2206) Zadar 2017}) 11. Bg5 (11. Ba4 $16) 11... c6 12. Ba4 Ne8 13. Bxe7 Qxe7 14. Rae1 Bxf5 (14... Nd6 $1 $14) 15. Qg3 $16 e4 16. Bb3 Kh8 17. Qe3 {[%cal Rd3e4]} Nf6 18. f3 {[%cal Rf3e4]} Bg6 19. Bc2 {[%cal Rd3e4]} (19. dxe4 {feels hotter.} dxe4 20. Nxe4 Rfe8 21. Bc2 Bxe4 22. Bxe4 Nxe4 23. fxe4 b6 24. e5) 19... Qf7 20. fxe4 dxe4 21. Nxe4 Qxa2 22. Nxf6 gxf6 23. Qc1 Qf7 24. d4 Rae8 25. Bf5 Kg7 26. Qf4 Rxe1 27. Rxe1 Re8 28. Rxe8 (28. Rf1 {is interesting.} Re2 29. Rf3 Re1+ 30. Kf2 Qe8 31. Qd2) 28... Qxe8 29. Kf2 (29. Qg3 {seems wilder.} Qe2 30. h4 Qxb2 31. h5 Qc1+ 32. Kh2) 29... Qf7 30. Bg4 Qb3 31. Qd2 Qd5 32. h4 Qe4 33. Kg3 a5 34. Bf3 Qe6 35. Qf4 $36 {[%mdl 2048] White has good play.} a4 36. h5 Bc2 37. Qc7+ Kh6 {[#]} 38. Kf2 $1 Bb3 $2 (38... Bd3 $16 {was necessary.}) 39. Qb8 {Qf8+ would kill now.} ({Not} 39. Qxb7 Bd5 $14) 39... Qe7 40. Qf4+ Kg7 41. h6+ Kh8 $2 {[#]} (41... Kg8 {might work better.} 42. Qg4+ Kh8 43. Qc8+ Bg8) 42. d5 $1 $18 {[%mdl 512] White wants to mate with Qb8+.} Qd8 (42... Qf8 $142 43. d6 (43. dxc6 bxc6 44. Bxc6 Qc5+ 45. Qe3 Qh5 $18) 43... Be6) (42... Bxd5 43. Bxd5) 43. d6 {Threatening mate with Qg4.} Be6 44. Bg4 Bd5 45. d7 Qf8 46. Qb4 Qd8 47. Qd6 (47. Qxb7 $142 Bg8 48. Qc8 Qb6+ 49. Kf3 Qb3 50. d8=Q Qd1+ 51. Qxd1 c5 52. Qdd7 f5 53. Qg7#) 47... Qb6+ {Accuracy: White = 72%, Black = 57%.} 1-0

[Event "40th IND-chT Open 2020"]
[Site "Ahmedabad"]
[Date "2020.02.13"]
[Round "9.6"]
[White "Bhatt, Jalpan"]
[Black "Puranik, Abhimanyu"]
[Result "0-1"]
[WhiteElo "1983"]
[BlackElo "2597"]
[Annotator "TA"]
[PlyCount "40"]
[EventDate "2020.02.05"]
[EventCountry "IND"]
[SourceTitle "playchess.com"]
[Source "ChessBase"]
[SourceQuality "1"]

{[%evp 14,40,31,33,37,41,36,41,46,37,49,41,44,44,37,37,41,-162,-142,-272,-118,-106,-117,-120,-81,-585,-549,-573,-566]} 1. e4 e5 2. Nf3 Nc6 3. Bc4 Nf6 4. Ng5 d5 5. exd5 Na5 6. Bb5+ c6 7. dxc6 bxc6 8. Bd3 Ng4 {C58: Two Knights: 4 Ng5 d5 5 exd5 Na5 sidelines.} 9. Ne4 f5 10. Be2 h5 {White is slightly better.} 11. h3 fxe4 12. hxg4 Bc5 {And now ...0-0 would win.} 13. b4 Qd4 {[%csl Gc5][%cal Rd4f2]} 14. bxc5 {Threatens to win with c3.} O-O {[%csl Gf8][%cal Rd4f2] [#]} 15. f3 $146 {[#]} (15. O-O $14 Qxa1 {[%mdl 64] Double Attack} 16. Nc3) ({Predecessor:} 15. O-O Qxa1 16. Nc3 hxg4 17. Nxe4 Qxa2 18. d3 Qe6 19. Qd2 Nb7 20. Qe3 a5 21. Bb2 {½-½ (46) Kravtsiv,M (2621)-Kovalev,V (2546) Berlin 2015}) 15... exf3 $1 $40 {[%mdl 128] Black has strong attack.} 16. gxf3 {[#]} (16. Bxf3 $17 Qxa1 {[%mdl 64] Double Attack} 17. Nc3 hxg4 18. Be4) 16... Qxa1 (16... e4 $1 $19 {[%cal Re4f3] White must now prevent ...exf3.} 17. f4 (17. c3 $2 Qe5 $19) 17... Rxf4) 17. Nc3 $17 hxg4 18. fxg4 Be6 19. Ne4 $2 {[%mdl 8192]} (19. Ba3 $17 Qxd1+ 20. Kxd1) 19... Bd5 $19 20. Bd3 Rf4 {Accuracy: White = 50%, Black = 88%.} 0-1

[Event "40th IND-chT Open 2020"]
[Site "Ahmedabad"]
[Date "2020.02.13"]
[Round "9.7"]
[White "Visakh N R"]
[Black "Trivedi Karan R"]
[Result "1-0"]
[WhiteElo "2518"]
[BlackElo "1956"]
[Annotator "TA"]
[PlyCount "83"]
[EventDate "2020.02.05"]
[EventCountry "IND"]
[SourceTitle "playchess.com"]
[Source "ChessBase"]
[SourceQuality "1"]

{[%evp 18,83,47,32,50,37,136,136,138,62,35,43,120,14,18,16,88,7,25,23,6,8,49,46,138,128,127,123,125,114,168,137,140,115,159,152,159,151,418,416,571,581,582,582,572,567,551,442,461,464,464,464,526,408,590,590,590,590,568,537,596,596,596,589,578,563,556,554]} 1. c4 Nf6 2. g3 e6 3. Bg2 Be7 4. Nf3 O-O 5. O-O b6 6. Nc3 Bb7 7. d4 Ne4 8. Bd2 Nxd2 9. Qxd2 f5 10. d5 Bf6 {E18: Queen's Indian: Old Main Line (4 g3 Bb7 5 Bg2 Be7 6 0-0 0-0 7 Nc3).} 11. Nd4 {[#]} c5 $146 (11... a5 $14) ({Predecessor:} 11... g6 12. dxe6 Bxg2 13. Kxg2 dxe6 14. Rad1 Bxd4 15. Qxd4 Nc6 16. Qxd8 {½-½ (16) Buzas,B (2213)-Kokeny,N (2250) Zalakaros 2018}) 12. Ndb5 $16 {Strongly threatening Nd6.} Bxc3 {White is clearly better.} 13. bxc3 (13. Qxc3 $16 {Black must now prevent Nd6.} Na6 14. Nd6) 13... e5 $1 $14 14. Nd6 Ba6 ({Black should play} 14... Qc7 $14 15. Nxb7 Qxb7) 15. a4 (15. f4 $16 e4 16. g4) 15... Rf6 $1 $11 {[%cal Rf6d6]} 16. Nb5 Bb7 (16... d6 $11) 17. f4 (17. a5 $1 $16) 17... e4 18. a5 a6 19. Na3 $36 {[%mdl 2048] Black is under pressure.} h5 20. Rfb1 Rd6 (20... d6 $1 $14) 21. Nc2 Nc6 22. Ne3 ({Not} 22. Rxb6 Nxa5 23. Rxd6 Nxc4 $17) 22... Ne7 23. axb6 Qe8 (23... Rb8 $16 {is a better defense.}) 24. h4 Qg6 25. Kf2 Qf6 26. Bh3 g6 27. Qb2 Nc8 $2 {[#]} (27... Rc8 $16 28. Ra3 Qf8) 28. Qa3 $18 Nxb6 29. Qxc5 Rc8 30. Qd4 Qxd4 31. cxd4 Nxc4 32. Nxc4 Rxc4 33. Rxb7 Rxd4 34. Ra7 R4xd5 35. R7xa6 Rxa6 (35... Kf7 $142 36. Bf1 Re6) 36. Rxa6 {[%mdl 4096] Endgame KRB-KR. White is clearly winning.} Kf7 37. Bf1 Rd2 38. Ke1 Rd5 39. e3 {[#] Intending Bc4 and mate.} Kg7 40. Rb6 Rc5 41. Rd6 Rc1+ 42. Rd1 {Accuracy: White = 71%, Black = 45%.} 1-0

[Event "40th IND-chT Open 2020"]
[Site "Ahmedabad"]
[Date "2020.02.13"]
[Round "9.8"]
[White "Sinha, Santosh Kumar"]
[Black "Sai Agni Jeevitesh, J."]
[Result "0-1"]
[WhiteElo "1942"]
[BlackElo "2310"]
[Annotator "TA"]
[PlyCount "179"]
[EventDate "2020.02.05"]
[EventCountry "IND"]
[SourceTitle "playchess.com"]
[Source "ChessBase"]
[SourceQuality "1"]

{[%evp 10,179,10,-2,0,0,-14,-9,14,-4,0,-20,-8,-20,-16,-39,-43,-58,-44,-39,-23,-31,-11,-35,-20,-45,-24,-39,-52,-50,-39,-36,0,0,0,-7,0,-10,-19,-12,-12,-13,-14,-70,-70,-70,-70,-80,-75,-62,-3,-12,0,0,0,-46,0,0,0,0,0,0,0,0,0,0,0,0,0,0,0,0,0,0,0,0,0,0,0,0,0,0,0,-117,0,0,71,0,33,0,0,0,0,0,0,0,21,0,0,0,0,0,6,0,0,-65,0,0,0,0,0,0,0,0,0,-222,-189,-392,-338,-364,0,0,0,-243,-232,-393,-379,-379,-377,-1527,-1428,-777,-710,-12831,-5950,-29985,-29986,-29999,-29978,-29978,-1180,-1366,-1329,-1227,-985,-29977,-29978,-29978,-29979,-29978,-587,-580,0,-29979,-29980,-29982,-29983,-29990,-29983,-29983,-29984,-29984,-29985,-29985,-29986,-29986,-29987,-29987,-29988,-29988,-29989,-29990]} 1. d4 Nf6 2. c4 e6 3. Nc3 Bb4 4. e3 O-O 5. Bd3 d5 6. Bd2 b6 {E46: Nimzo-Indian: Rubinstein: 4 e3 0-0 5 Ne2 without early Bd3.} 7. cxd5 exd5 8. Nge2 Bb7 {[#] The position is equal.} 9. a3 $146 ({Predecessor:} 9. O-O Nbd7 10. Qc2 Re8 11. f3 c5 12. a3 cxd4 13. Nxd4 Bd6 14. Ncb5 Be5 15. Rac1 Rc8 {0-1 (107) Ashwin,J (2486)-Chandra,A (2510) chess.com INT 2018}) 9... Bd6 10. Ng3 Re8 11. Qf3 g6 12. Nb5 Be7 13. Rc1 c6 14. Nc3 Nbd7 15. O-O c5 16. Rfe1 a6 17. a4 Bd6 18. Bb1 Rc8 19. Ba2 {[%cal Rc3d5]} c4 20. Bb1 Nf8 (20... Qc7 {is interesting.} 21. Bc2 h5 22. b3 Bb4 23. Qd1 Qd6) 21. e4 Bxg3 22. hxg3 {Hoping for Bg5.} (22. Bg5 {is more complex.} Qc7 23. Qxf6 Bxh2+ 24. Kh1 Nd7 25. Qf3) 22... dxe4 23. Nxe4 Nxe4 24. Bxe4 Rxe4 25. Rxe4 Ne6 (25... f5 $5 26. Re8 $8 Bxf3 27. Rxd8 Rxd8 28. gxf3 Ne6 $11) 26. Qe3 (26. Rce1 $11) 26... Bxe4 $15 27. Qxe4 Qxd4 ({Reject} 27... Nxd4 $6 28. Bc3 $14) 28. Qe1 Qd5 29. Bc3 Rd8 (29... Nc5 $15 30. Rd1 Qe6 31. Qxe6 fxe6) 30. Qe3 $1 $11 b5 31. axb5 axb5 32. Ra1 Qh5 33. Qe4 h6 34. Ra8 Qd1+ 35. Kh2 Qh5+ 36. Kg1 {White threatens Rxd8+ and mate.} Qd1+ 37. Kh2 Rxa8 38. Qxa8+ Qd8 39. Qb7 Qe8 40. f3 h5 41. Kg1 Kh7 42. Qa7 Qf8 43. Qb7 Qe8 44. Kh2 Kg8 45. Qb6 Kh7 46. f4 (46. Qb7 $11) 46... f5 ({Better is} 46... Ng7 $1 $17 47. Qf6 Nf5) 47. Qb7+ Kg8 {[#]} (47... Kh6 $11) 48. Be5 (48. Kg1 $1 $16) 48... Kf8 (48... h4 $5) 49. Qh7 {[%mdl 1024] Threatening mate with Bd6+. White has compensation.} Qf7 50. Qh8+ Qg8 {White must now prevent ...Qxh8.} 51. Qf6+ Qf7 52. Qh8+ Ke7 (52... Qg8 $5 {[%cal Rg8h8]} 53. Qf6+ Qf7 54. Qh8+ $11) 53. Qb8 Qe8 {And now ...Qxb8 would win.} 54. Qd6+ Kf7 55. Qd5 g5 56. Qb7+ Kg6 57. Kh3 {[#]} (57. fxg5 $11 Kxg5 58. Qd5) 57... gxf4 (57... h4 $1 $15 {[%mdl 512]}) 58. gxf4 {[#]} Ng5+ $1 {[%mdl 512]} 59. Kh2 {[%csl Ge5][%cal Rb7g7]} (59. fxg5 Qxe5) 59... Ne6 60. Kg1 h4 61. Kh2 Kh6 62. Kh3 $2 (62. Kh1 $11 {and White stays safe.}) 62... Qg6 $19 {[%csl Gh4][%cal Rg6g3]} 63. Kh2 $2 (63. Qf3 {was the only chance.}) 63... Qg3+ 64. Kh1 Qe1+ $2 ({Not} 64... Nxf4 65. Qc6+ Kh5 66. Bxf4 $17) ({Black should try} 64... h3 $19 65. Qa8 Qxg2+ 66. Qxg2 hxg2+ 67. Kxg2 Kg6) 65. Kh2 $11 Qg3+ $2 (65... Qe3 $11) 66. Kh1 $19 h3 ({Less strong is} 66... Nxf4 67. Qc6+ Kh5 68. Bxf4 $17) 67. gxh3 $2 (67. Qa8 hxg2+ 68. Qxg2 Qxg2+ 69. Kxg2) 67... Qxh3+ 68. Kg1 Qe3+ 69. Kf1 $2 (69. Kg2 Qe2+ 70. Kg3 Qg4+ 71. Kf2 Nxf4 72. Qc6+ Kh5 73. Qe8+ Ng6 74. Bc3) 69... Nxf4 70. Qg7+ Kh5 71. Qh8+ Kg4 {( -> ...Qf3+)} 72. Qg7+ Kf3 {[%csl Gf3][%cal Re3f2]} 73. Bxf4 Qe2+ 74. Kg1 Kxf4 {[%mdl 4096] Endgame KQ-KQ} (74... Qe1+ $142 75. Kh2 Qh4+ 76. Kg1 Qxf4 77. Qg2+ Ke3 78. Qh3+ Ke2 79. Qh5+ Qg4+ 80. Qxg4+ fxg4 81. Kg2 b4 82. Kg3 Kd2 83. Kh4 Kc2 84. Kxg4 Kxb2 85. Kg5 c3 86. Kh6 b3 87. Kh5 c2 88. Kg6 Kc3 89. Kh6 c1=Q+ 90. Kh5 b2 91. Kg6 b1=Q+ 92. Kg7 Qf4 93. Kg8 Qg6+ 94. Kh8 Qfh6#) 75. Qh6+ Kf3 {[%csl Gf3][%cal Re2g2]} 76. Qh5+ {[#]} Ke3 $1 77. Qe8+ Kd2 78. Qxb5 f4 79. Qa5+ Kc2 (79... Kc1 $142 80. Qa1+ Kc2 81. b3 f3 82. Qa2+ Kd3 83. Qb1+ Kd4 84. Qa1+ c3 85. Qa7+ Kd3 86. Qa6+ Kd2 87. Qd6+ Ke1 88. Qg3+ f2+ 89. Kh2 Kd1 90. Qd6+ Qd2 91. Qxd2+ cxd2 92. Kh3 f1=Q+ 93. Kg4 Qf6 94. Kg3 Kc2 95. Kh2 Qh4+ 96. Kg2 d1=Q 97. b4 Qdh1#) 80. Qf5+ Kd2 (80... Kc1 $19 81. Qxf4+ Kxb2 82. Qb8+ Kc1) 81. Qa5+ $1 Kc1 {Black mates.} 82. Qc3+ Kb1 83. Qf6 f3 {[%csl Gf3][%cal Re2g2]} 84. Qf5+ Kxb2 {[%csl Gf3][%cal Re2g2]} 85. Qb5+ Kc1 {[%csl Gf3][%cal Re2g2]} 86. Qg5+ Qd2 87. Qg4 {[#]} Qg2+ $1 88. Qxg2 fxg2 89. Kxg2 Kd2 90. Kh2 {Accuracy: White = 69%, Black = 83%.} 0-1